000 00774nam a2200229Ia 4500
008 191130s1995##################000#0#eng##
020 _a9781858981314
022 _a94027540
040 _aACL
_cACL
082 _a332.042 AKD
100 _aAkdoğan, Haluk
245 _aThe integration of international capital markets : theory and empirical evidence
_cHaluk Akdogan
260 _aAldershot, Hants, England ; Brookfield, Vt
_bE. Elgar Pub
_cc1995
300 _axiii, 189 p. : ill. ; 24 cm
500 _aIncludes bibliographical references (p. 178-183) and index
650 _aCapital market
650 _aInternational economic integration
650 _aInternational finance
990 _a18d962c6ac10000c1076e819c0f1f416
991 _a143582
999 _c54160
_d54160